Kaboul - Choix Multiples - Statistiques

Statistiques générales
  • Ce quiz a été pris 1 527 fois
    1 485 depuis la dernière actualisation
  • Le résultat moyen est 6 sur 10
Statistiques - réponses
Question Réponse % Correct
Quelle organisation terroriste conquit Kabul en 1996 puis en 2021 ? Les Talibans
90%
Quel pays envoya des divisions aériennes et motorisées à Kaboul en 1979 ? L'Union soviétique
76%
Avec qui Renaud chante-t-il "Manhattan-Kaboul" en 2002 ? Axelle Red
70%
Lequel de ces films d'animation ne se déroule pas à Kaboul ?
60%
Quel bâtiment de Kaboul est appelé l'Arg ? Le palais présidentiel
53%
De quelle langue le dari, langue la plus parlée à Kaboul, est-elle une variété ? Le persan
46%
Où en Afghanistan Kaboul se situe-t-elle ?
45%
Quel empire l'émir de Kaboul, qui y fut enterré neuf ans après sa mort, fonda-t-il en 1526 ? L'Empire moghol
44%
Au pied de quelle chaîne de montagnes, constituant un prolongement de l'Himalaya, Kaboul se situe-t-elle ? L'Hindou Kouch
42%
Quel romancier né à Kaboul a reçu en 2008 le prix Goncourt pour son roman "Syngué sabour. Pierre de patience" ? Atiq Rahimi
40%
Aucun quiz correspondant
Distribution des résultats
% des personnes avec chaque résultat
Percentile par nombre de réponses
Votre historique - résultats
Vous n’avez pas pris ce quiz depuis la dernière actualisation